| 000 -LEADER |
| fixed length control field |
00576cam a22001814a 4500 |
| 003 - CONTROL NUMBER IDENTIFIER |
| control field |
OSt |
| 005 - DATE AND TIME OF LATEST TRANSACTION |
| control field |
20200313112915.0 |
| 008 - FIXED-LENGTH DATA ELEMENTS--GENERAL INFORMATION |
| fixed length control field |
071217s2008 nyuab b 001 0 eng |
| 020 ## - INTERNATIONAL STANDARD BOOK NUMBER |
| International Standard Book Number |
9780847831111 |
| 082 ## - DEWEY DECIMAL CLASSIFICATION NUMBER |
| Edition number |
711.4 |
| 245 00 - TITLE STATEMENT |
| Title |
New urbanism and beyond : |
| Remainder of title |
designing cities for the future / |
| Statement of responsibility, etc |
edited by Tigran Haas. |
| 260 ## - PUBLICATION, DISTRIBUTION, ETC. (IMPRINT) |
| Place of publication, distribution, etc |
New York : |
| Name of publisher, distributor, etc |
Rizzoli, |
| Date of publication, distribution, etc |
2008. |
| 300 ## - PHYSICAL DESCRIPTION |
| Extent |
349 p. : |
| Other physical details |
ill. (some col.), maps (some col.) ; |
| Dimensions |
29 cm. |
| 504 ## - BIBLIOGRAPHY, ETC. NOTE |
| Bibliography, etc |
Includes bibliographical references (p. 322-337) and index. |
| 650 #0 - SUBJECT ADDED ENTRY--TOPICAL TERM |
| Topical term or geographic name as entry element |
City planning. |
| 700 1# - ADDED ENTRY--PERSONAL NAME |
| Personal name |
Haas, Tigran. |
| 942 ## - ADDED ENTRY ELEMENTS (KOHA) |
| Source of classification or shelving scheme |
|